<?xml version="1.0" encoding="UTF-8"?>
<marc:record xmlns:marc="http://www.loc.gov/MARC21/slim">
   <marc:leader>00000nam a2200000 a 4500</marc:leader>
   <marc:datafield ind1="1" ind2=" " tag="100">
      <marc:subfield code="a">Bröger, Achim</marc:subfield>
      <marc:subfield code="4">aut</marc:subfield>
      <marc:subfield code="e">Verfasser/-in</marc:subfield>
   </marc:datafield>
   <marc:datafield ind1=" " ind2=" " tag="653">
      <marc:subfield code="a">Bilderbuch</marc:subfield>
   </marc:datafield>
   <marc:datafield ind1=" " ind2=" " tag="653">
      <marc:subfield code="a">Wutbuch</marc:subfield>
   </marc:datafield>
   <marc:datafield ind1=" " ind2=" " tag="653">
      <marc:subfield code="a">dunkelblau</marc:subfield>
   </marc:datafield>
   <marc:datafield ind1="0" ind2="0" tag="245">
      <marc:subfield code="a">Jetzt ist Sina nicht mehr sauer</marc:subfield>
   </marc:datafield>
   <marc:datafield ind1="0" ind2="0" tag="245">
      <marc:subfield code="b">Geschichten von Wut, Streit und Versöhnung</marc:subfield>
   </marc:datafield>
   <marc:datafield ind1=" " ind2="1" tag="264">
      <marc:subfield code="b">Ed. Bücherbär</marc:subfield>
      <marc:subfield code="c">2003</marc:subfield>
   </marc:datafield>
   <marc:datafield ind1="1" ind2=" " tag="520">
      <marc:subfield code="a">Sina und Lasse sind typische Geschwister, die sich öfters miteinander, aber auch mit ihren Eltern und Freunden streiten. Ob Aufräumen oder Fernsehen, ob Gerangel um das beste Pizzastück oder Lasses Enttäuschung über die missglückte Probefahrt auf dem Fahrrad - in den 7 kurzen Geschichten greift Achim Bröger auf bewährte Weise den ganz normalen Familienalltag auf und führt schon kleinen Kindern ab ca. 4 Jahren vor Augen, wie Wut und Streit entstehen und wie Versöhnung aussehen kann. Dabei wird nicht immer eine "Komplettlösung" des Problems angeboten, sondern der zuweilen offene Schluss bietet Diskussionsstoff und lässt eigene Lösungsvorschläge zu. Die kurze Einführung der bekannten Erzieherin und Entspannungspädagogin Sabine Seyffert bietet Eltern einen hilfreichen Einstieg in das Thema mit Tipps, wie man mit kindlichen Wutanfällen umgehen kann. Sehr gelungen sind auch die kindgemäßen Illustrationen von Julia Ginsbach, die die Gefühle der beteiligten Personen einfühlsam widerspiegeln. Allen (Schul-)Bibliotheken nachdrücklich empfohlen.</marc:subfield>
   </marc:datafield>
   <marc:datafield ind1=" " ind2=" " tag="020">
      <marc:subfield code="a">9783401084411</marc:subfield>
      <marc:subfield code="9">9783401084411</marc:subfield>
   </marc:datafield>
</marc:record>
